000 00863nam a2200253 i 4500
001 147458
003 ES-MaACL
005 20250918211514.0
007 t|
008 071001s1964 sp ||||1| spa d
080 _a913(460)
080 _a913(469)
100 1 _aUnamuno, Miguel de,
_d1864-1936
_9111982
245 1 0 _aPor tierras de Portugal y de España /
_cMiguel de Unamuno ; prólogo, selección y notas de Manuel García Blanco...
260 _aSalamanca :
_bAnaya,
_c[1964]
300 _a148 p. ;
_c17 cm.
490 1 _aBiblioteca Anaya ;
_v40. Textos españoles
651 0 _aPortugal-
_xDescripción.
_99251
651 4 _aEspaña-
_xDescripción-
_yS.XX.
_98187
700 1 _aGarcía Blanco, Manuel,
_d1902-1966
_954272
830 1 _aBiblioteca Anaya ;
_v40. Textos españoles
_9181464
852 _aES-MaACL
_jC-27051
999 _c147458
_d147458